00523nam a2200181 a 4500001001300000003000900013005001700022008004100039020002300080082001500103100002900118245005000147260005000197300001000247500003500257650002000292700002900312nice12345678IN_TiNIC20260116014539.0140220s2011 dela grp 000 0 eng  a8185063273 c16000a297.2bMAQ aMaqsood, Ruqaiyyah Waris aLiving Islamb Treading the Path of the Ideal aDelhibIslamic Centre(al-Risala Office c2011 a310p  aincludes index and biblioraphy aIslam-Doctrines1 aMaqsood, Ruqaiyyah Waris